The Motley Fool million dollar portfolio : (Record no. 4263)
[ view plain ]
| 000 -LEADER | |
|---|---|
| fixed length control field | 01021cam a2200229 a 4500 |
| 020 ## - INTERNATIONAL STANDARD BOOK NUMBER | |
| ISBN | 9780061567544 |
| 020 ## - INTERNATIONAL STANDARD BOOK NUMBER | |
| ISBN | 006156754X |
| 050 00 - CALL NUMBER | |
| Classification number | HG4529.5 |
| Item number | .G17 |
| 100 1# - AUTHOR | |
| Personal name | Gardner, David, |
| 245 14 - TITLE | |
| Title | The Motley Fool million dollar portfolio : |
| Remainder of title | how to build and grow a panic-proof investment portfolio / |
| Statement of responsibility, etc | David and Tom Gardner. |
| 250 ## - EDITION | |
| Edition statement | 1st ed. |
| 260 ## - PUBLICATION INFORMATION | |
| Place of publication | New York : |
| Name of publisher | Collins Business, |
| Year of publication | c2009. |
| 300 ## - DESCRIPTION | |
| Number of Pages | xx, 260 p. ; |
| Dimensions | 24 cm. |
| 500 ## - NOTES | |
| General note | Includes index. |
| 505 0# - FORMATTED CONTENTS NOTE | |
| Table of Content | Getting started -- Why great investors are odd -- Your first stock -- Dividend dynasty -- Blue-chip bargains -- The treasures of small-cap investing -- Risk takers and rule breakers -- We are the world -- CAPS: the power of community intelligence -- Your next million -- What next? -- Appendix A: Picking the right mutual funds -- Appendix B: Further reading. |
| 650 #0 - SUBJECTS | |
| Topical Term | Portfolio management. |
| 650 #0 - SUBJECTS | |
| Topical Term | Stocks. |
| 650 #0 - SUBJECTS | |
| Topical Term | Investment analysis. |
| 700 1# - OTHER AUTHORS | |
| Personal name | Gardner, Tom, |
| 710 2# - OTHER AUTHORS | |
| OTHER AUTHORS | Motley Fool, Inc. |
| 942 ## - ADDED ENTRY ELEMENTS (KOHA) | |
| Koha item type | Books |
| Withdrawn status | Lost status | Home library | Current library | Shelving location | Date acquired | Source of acquisition | Full call number | Accession Number | Koha item type |
|---|---|---|---|---|---|---|---|---|---|
| Methodist University Library Main | Methodist University Library Main | General Stacks | Donation from Mr. Ekow Panyin | HG4529.5 .G17 | 4954 | Books |